000
00220 a2200097 4500
001
7041
100
_a
Ibrahim,S.M
245
_a
Tarikh-e-Tibri(Unro Bin Abdul Aziz)
260
_a
_b
Nafees Academy
_c
090
_c
5811
_d
5811
942
_a
NUST-CAE
_c
M
_c
32280
999
_c
242114
_d
242114